| 000 | 00438nam a2200157 i 4500 | ||
|---|---|---|---|
| 001 | 42349 | ||
| 003 | ES-MaACL | ||
| 005 | 20230906160609.0 | ||
| 007 | t| | ||
| 008 | 030313s1961 sp ||||1| spa d | ||
| 100 | 1 |
_aCastillo-Navarro, José María. _936757 |
|
| 245 | 1 | 0 |
_aCaridad la negra / _cJosé María Castillo-Navarro. |
| 260 |
_aBarcelona : _bCaralt, _c1961. |
||
| 300 |
_a209 p. ; _c24 cm. |
||
| 852 |
_aES-MaACL _jC-20120 _bR.47599 |
||
| 999 |
_c42349 _d42349 |
||